000 00687nam a2200217Ia 4500
005 20250508164117.0
008 008 250505s9999 xx 000 0 eng d
020 _a0-415-93075-8
037 _aReference
040 _aFEDL
_beng
_cFEDL
041 _aeng
_2eng
084 _a370.19, LOP
_qFEDL
100 _aLopez Nancy
_9777351
245 0 _aHopeful girls, troubled boys: Race and gender disparity in urban education
260 _aNew York, USA
_bRoutledge
_c2003
300 _ax,223p
365 _aGBP
_b17.99
650 _aEducation - Sociology; Education - Urban; Sex difference in education
_9777352
942 _cREF
_h370.19, LOP
999 _c1387102
_d1387102